000 00844nam a2200253Ia 4500
003 OSt
005 20220928125017.0
006 a|||||r|||| 00| 0
007 ta
008 220927b |||||||| |||| 00| 0 eng d
020 _c1284.5999999999999
024 _a119562
037 _b026, 13/09/2013, Excel Book International
_cTextual
040 _aSDCL
_cSDCL
_beng
041 _2eng
_aeng
082 _aV5:192(Y:4582)'K, Q2
100 _aSubrahmanyam Sanjay
_9456672
245 0 _aCourtly encounters
_b Translating courtliness and violence in early modern eurasia.
260 _aCambridge
_bHarvard University Press
_c2012
300 _axvi;312p.
_ccm.
650 _aHistory
942 _hV5:192(Y:4582)'K, Q2
_cTEXL
_2CC
999 _c780443
_d780443